000 00575cam a22002291 4500
001 sa 65005189
003 DLC
005 20260227112136.0
008 941012s1962 ii 000 0 orio
010 _asa 65005189
025 _aPL480:I-O-445
035 _a(OCoLC)31273831
040 _aDLC
_cCU
_dCU
_dDLC
050 0 0 _aPK2581.S3
_bM5
100 1 _aMisra, Pranabandhu.
245 1 0 _aBidura-nīti o nīti-pradīpa.
260 _c[1962]
300 _a73 p.
_c18 cm.
500 _aIn Oriya.
500 _aPoems.
650 0 _aSanskrit poetry
_xTranslations into Oriya.
999 _c64174
_d64174